[Event "EU-ch U10"]
[Site "Bratislava"]
[Date "2019.08.10"]
[Round "9"]
[White "Morozov, Savely"]
[Black "Haubold, Sebastian Marcel"]
[Result "0-1"]
[WhiteElo "1278"]
[BlackElo "1559"]
[PlyCount "86"]
[EventDate "2019.08.02"]
[EventType "swiss"]
[EventRounds "9"]
[EventCountry "SVK"]
[SourceTitle "EXT 2020"]
[Source "ChessBase"]
[SourceDate "2019.10.17"]
[SourceVersion "1"]
[SourceVersionDate "2019.10.17"]
[SourceQuality "1"]

1. e4 e5 2. Nf3 Nc6 3. Nc3 Bc5 4. Nxe5 Bxf2+ 5. Kxf2 Nxe5 6. d4 Ng6 7. Be3 d6 8. Bb5+ c6 9. Bd3 Nf6 10. h3 b5 11. a3 Qc7 12. Rf1 Bd7 13. Kg1 0-0 14. Bg5 Ne8 15. Ne2 h6 16. Be3 c5 17. c3 a5 18. Nf4 Nxf4 19. Bxf4 Qb6 20. Be3 c4 21. Bc2 Nc7 22. Qd2 d5 23. Qf2 Rae8 24. e5 b4 25. Qg3 Kh8 26. Rf2 bxc3 27. bxc3 Qb2 28. Rb1 Qxc3 29. Rb7 Rc8 30. e6 Bxe6 31. Rxc7 Rxc7 32. Qxc7 Qxe3 33. Qc6 Qxd4 34. Qa6 Qc5 35. a4 Rb8 36. Bf5 Bxf5 37. Qb5 Rxb5 38. axb5 c3 39. Kf1 Bd3+ 40. Kg1 c2 41. Kh2 Qxf2 42. b6 c1Q 43. h4 Qxh4# 0-1

[Event "EU-ch U10"]
[Site "Bratislava"]
[Date "2019.08.06"]
[Round "5"]
[White "Tran, Sixten"]
[Black "Morozov, Savely"]
[Result "1/2-1/2"]
[WhiteElo "1516"]
[BlackElo "1278"]
[PlyCount "123"]
[EventDate "2019.08.02"]
[EventType "swiss"]
[EventRounds "9"]
[EventCountry "SVK"]
[SourceTitle "EXT 2020"]
[Source "ChessBase"]
[SourceDate "2019.10.17"]
[SourceVersion "1"]
[SourceVersionDate "2019.10.17"]
[SourceQuality "1"]

1. e4 c5 2. c3 d5 3. exd5 Qxd5 4. d4 Nf6 5. Nf3 Nc6 6. Be3 cxd4 7. cxd4 e6 8. a3 Be7 9. Nc3 Qd6 10. Nb5 Qd8 11. Bd3 0-0 12. Qc2 a6 13. Nc3 h6 14. 0-0 b6 15. Ne4 Bb7 16. Nxf6+ Bxf6 17. Bh7+ Kh8 18. Be4 Rc8 19. Qd2 Na5 20. Bxb7 Nxb7 21. Rac1 Rxc1 22. Rxc1 Kg8 23. Ne5 Na5 24. Nc6 Nxc6 25. Rxc6 e5 26. d5 b5 27. Rxa6 Qd7 28. Bxh6 Rc8 29. Be3 Rd8 30. d6 Qe6 31. f3 Qd7 32. Bg5 Bxg5 33. Qxg5 f6 34. Qd2 Qc8 35. Qd5+ Kh8 36. Rc6 Qb7 37. Rc5 Qb6 38. Kf1 b4 39. d7 Qa6+ 40. Qc4 Qd6 41. Rd5 Qb8 42. Qxb4 Qc7 43. Qc5 Qb7 44. Qb5 Qc7 45. Rc5 Qd6 46. Rc8 Qd1+ 47. Kf2 Qd2+ 48. Qe2 Qd4+ 49. Ke1 Qxd7 50. Rxd8+ Qxd8 51. b4 Qd4 52. b5 Qa1+ 53. Kf2 Qxa3 54. b6 Qc5+ 55. Qe3 Qc2+ 56. Kg3 Qg6+ 57. Kh3 Qh5+ 58. Kg3 Qg6+ 59. Kf2 Qc2+ 60. Ke1 Qb1+ 61. Kd2 Qa2+ 62. Kc1 1/2-1/2

[Event "EU-ch U10"]
[Site "Bratislava"]
[Date "2019.08.02"]
[Round "1"]
[White "Morozov, Savely"]
[Black "Pehar, Borna"]
[Result "1-0"]
[WhiteElo "1278"]
[BlackElo "1680"]
[PlyCount "105"]
[EventDate "2019.08.02"]
[EventType "swiss"]
[EventRounds "9"]
[EventCountry "SVK"]
[SourceTitle "EXT 2020"]
[Source "ChessBase"]
[SourceDate "2019.10.17"]
[SourceVersion "1"]
[SourceVersionDate "2019.10.17"]
[SourceQuality "1"]

1. e4 c5 2. Nf3 Nc6 3. Bb5 d6 4. 0-0 Nf6 5. Re1 e5 6. c3 Be7 7. d4 exd4 8. cxd4 cxd4 9. Nxd4 Qc7 10. Nc3 0-0 11. Bf4 Qb6 12. Bxc6 bxc6 13. Qd2 c5 14. Nc2 Bb7 15. f3 Nh5 16. Be3 Rab8 17. Rad1 Bf6 18. Rb1 Qa6 19. a3 Rfd8 20. Red1 Bc8 21. g4 Bxc3 22. Qxc3 Nf6 23. Bxc5 Bxg4 24. Nb4 Qc8 25. Bxd6 Qxc3 26. bxc3 Bxf3 27. Bxb8 Rxd1+ 28. Rxd1 Bxd1 29. e5 Ne4 30. c4 a5 31. Nd3 Be2 32. Nb2 Kf8 33. Bc7 a4 34. Bb6 Ke7 35. Kg2 Ke6 36. Bd4 Bxc4 37. Nxc4 Kd5 38. e6 fxe6 39. Bxg7 Kxc4 40. Kf3 Nd2+ 41. Kf4 Kd5 42. h4 Nc4 43. Bf8 e5+ 44. Kg5 Ke6 45. h5 e4 46. Bb4 e3 47. Kf4 Kf6 48. Bc3+ Kf7 49. Bb4 Kg7 50. Kf3 Kh6 51. Kg4 Ne5+ 52. Kh4 Nd3 53. Bf8# 1-0